000 00712cam a2200265 i 4500
001 128842
003 BJBSDDR
005 20250812105835.0
008 180126b2017 sp a 000 0 spa
020 _a9788416544431
020 _a8416544433
040 _aDLC
_cDLC
041 0 _aeng
050 1 4 _bM478w 2017
100 1 _aMcCausland, Elisa
245 0 0 _aWonder woman :
_bel feminismo como superpoder /
_cElisa McCausland
260 _aMadrid :
_bErrata Nature,
_c2017.
300 _a302 p. :
_bil. ;
_c22 cm.
650 0 _aWonder Woman (Personaje de ficción)
650 _aHistorietas ilustradas.
650 _aCómics.
650 _aMujeres en la literatura.
942 _2lcc
_cBK
946 _ilmm
999 _c96982
_d96982